| 000 | 00824nam a22002291 4500 | ||
|---|---|---|---|
| 001 | 3117931 | ||
| 005 | 19681121000000.0 | ||
| 008 | 711013s1968 nyu 000 0 eng | ||
| 010 | _a 67028806 | ||
| 040 |
_aDLC _cDLC _dDLC |
||
| 043 | _an-us--- | ||
| 050 | 0 | 0 |
_aJK271 _b.H53 |
| 082 | 0 | 0 |
_a320.973 _222 _bHER |
| 100 | 1 |
_aHeren, Louis. _99375 |
|
| 245 | 1 | 4 |
_aThe new American Commonwealth/ _cLouis Heren |
| 260 |
_aNew York: _bHarper & Row, Pub., _c1968 |
||
| 300 |
_axv, 366 p.; _c22 cm. |
||
| 500 | _aDonated by: Alaa Abdel Ghany | ||
| 651 | 0 |
_aUnited States _xPolitics and government _y20th century. _99376 |
|
| 942 |
_2ddc _cBB |
||
| 999 |
_c12916 _d12916 |
||